| 000 | 00481nam a2200169Ia 4500 | ||
|---|---|---|---|
| 003 | SGT | ||
| 020 | _a9788190645140 | ||
| 082 |
_a621.3 _bHUS |
||
| 100 | _aHusain,Ashfaq | ||
| 245 | _aNetworks analysis and synthesis | ||
| 260 |
_bKhanna Books Publishing Co. Ltd. _aN. Delhi _c2013 |
||
| 300 | _a615p. | ||
| 650 | _aELECTRICAL ENGINEERING | ||
| 653 | _aNETWORK GRAPH THEORY, NETWORK THEOREMS,NETWORK FUNCTIONS, TWO-PORT NETWORKS | ||
| 700 | _aAshfaq,Haroon | ||
| 942 |
_2ddc _cBK _01 |
||
| 999 |
_c4985 _d4985 |
||